000 00623cam a22001934a 4500
005 20250605164021.0
008 250528s ||||||||||||||||||||||||d
035 _a16354
020 _a6813098
040 _aGR-AtMCL
_bgre
_dGR-AtMCL
_eAACR2
245 1 _aArt in Architecture
260 _bMcgraw Hill Book Company,
_c1968
300 _a260
520 _aAckowledgements, United States and Canada, Museums and Libraries, Shopping Centers, Plazas and Mall, United Nations Headquarters, Countries Around the World, General Index.
700 1 _aRedstone Louis G
_92447
942 _cBK
999 _c1864
_d1864